000 00260nam a2200109Ia 4500
008 231212s1974 xx 000 0 und d
041 _aeng
082 _a621.381
100 _aMileat Harry
245 _aElectronic Vol. V I
260 _aNew Delhi
_bD.B.Tar
_c1974
999 _c959217
_d959217